Normal view MARC view

Entry Personal Name

Number of records used in: 1

001 - CONTROL NUMBER

  • control field: 136

003 - CONTROL NUMBER IDENTIFIER

  • control field: OSt

005 - DATE AND TIME OF LATEST TRANSACTION

  • control field: 20110406155625.0

008 - FIXED-LENGTH DATA ELEMENTS

  • fixed length control field: 110406|||a|||||| | ||| d

040 ## - CATALOGING SOURCE

  • Original cataloging agency: OSt
  • Transcribing agency: OSt

100 ## - HEADING--PERSONAL NAME

  • Personal name: Farrar, John H.
  • Fuller form of name: (John Hynes)

670 ## - SOURCE DATA FOUND

  • Source citation: Work cat.: (OSt)0: Farrar, John H. (John Hynes), Introduction to legal method /, 1977.